Ejderha hapşırığı / (Record no. 22219)

MARC details
000 -BAŞLIK
Sabit Uzunluktaki Kontrol Alanı 00664nam a22002177a 4500
003 - KONTROL NUMARASI KİMLİĞİ
Kontrol Alanı koha_MIRAKIL
005 - EN SON İŞLEM TARİHİ ve ZAMANI
Kontrol Alanı 20250509122147.0
008 - SABİT UZUNLUKTAKİ VERİ ÖGELERİ - GENEL BİLGİ
Sabit Alan 250509b tur||||| |||| 00| 0 tur d
020 ## - ISBN - ULUSLARARASI STANDART KİTAP NUMARASI
Isbn 9786254181078
040 ## - KATALOGLAMA KAYNAĞI
Özgün Kataloglama Kurumu TR-IsEVY
Kataloglama Dili tur
Çeviri Kurumu TR-IsEVY
041 ## - DİL KODU
Metin ya da ses kaydının dil kodu tur
082 ## - DEWEY ONU SINIFLAMA SİSTEMİ
Sınıflama Numarası FIC ÇAK/E
100 ## - KİŞİ ADI
Yazar Adı (Kişi adı) Çakman, Koray Avcı
245 #0 - ESER ADI BİLDİRİMİ
Başlık Ejderha hapşırığı /
Sorumluluk Bildirimi Koray Avcı Çakman ; resimleyen Öykü Akarca.
250 ## - BASIM BİLDİRİMİ
Basım Bildirimi 5. bs.
260 ## - YAYIN, DAĞITIM, VB.
Yayın Yeri İstanbul:
Yayınevi Kırmızı Kedi Yayınevi,
Yayın Tarihi 2024.
300 ## - FİZİKSEL TANIMLAMA
Sayfa, Cilt vb. 30 s. :
Diğer fiziki detaylar renkli resimli;
Boyutları 22 cm.
650 ## - KONU BAŞLIĞI EK GİRİŞ - KONU TERİMİ
Konusal terim veya coğrafi ad Çocuk edebiyatı.
Alt başlık biçimi Çocuk Hikayeleri.
700 1# - EK GİRİŞ - KİŞİ ADI
Yazar Adı (Kişi adı) Akarca, Öykü.
Ünvan resimleyen.
942 ## - EK GİRİŞ ÖGELERİ (KOHA)
Source of classification or shelving scheme Dewey Decimal Classification
Koha item type Kitap
Holdings
Kayıp Durumu Sınıflandırma Kaynağı Hasarlı Durumu Koleksiyon Kodu Kalıcı Konum Mevcut Konum Kayıt Tarih Edinim Kaynağı Toplam Ödünçverme Yer Numarası Demirbaş Numarası Son Görülme Tarihi Fatura Tarihi Materyal Türü
  Dewey Decimal Classification   İlkokul İLKOKUL KÜTÜPHANESİ İLKOKUL KÜTÜPHANESİ 09/05/2025 Satınalma   FIC ÇAK/E 23511 09/05/2025 09/05/2025 Kitap